Bruce Almighty (Record no. 14969)

MARC details
000 -LEADER
fixed length control field 03332ngm a2200673 4500
003 - CONTROL NUMBER IDENTIFIER
control field dpl
005 - DATE AND TIME OF LATEST TRANSACTION
control field 2008082208368.0
007 - PHYSICAL DESCRIPTION FIXED FIELD--GENERAL INFORMATION
fixed length control field DVD
008 - FIXED-LENGTH DATA ELEMENTS--GENERAL INFORMATION
fixed length control field 080822t xxu||||| |||| 00| 0 eng d
010 ## - LIBRARY OF CONGRESS CONTROL NUMBER
LC control number DVD-000174-176
020 ## - INTERNATIONAL STANDARD BOOK NUMBER
International Standard Book Number 0783280173
024 ## - OTHER STANDARD IDENTIFIER
Standard number or code BVI1007
Terms of availability 499.00
024 ## - OTHER STANDARD IDENTIFIER
Standard number or code 025192282225
040 ## - CATALOGING SOURCE
Original cataloging agency DPL
082 ## - DEWEY DECIMAL CLASSIFICATION NUMBER
Classification number DVD / BRU
245 ## - TITLE STATEMENT
Title Bruce Almighty
Statement of responsibility, etc Universal Pictures and Spyglass Entertainment present a Shady Acres/Pit Bull production, a Tom Shadyac film ; producers, Tom Shadyac, Jim Carrey, James D. Brubaker, Michael Bostick, Steve Koren, Mark O'Keefe ; screenplay writers, Steve Koran, Mark O'Keefe, Steve Oedekerk ; director, Tom Shadyac.
Medium [videorecording(DVD)] /
250 ## - EDITION STATEMENT
Edition statement Full screen version (1.33:1)
260 ## - PUBLICATION, DISTRIBUTION, ETC. (IMPRINT)
Place of publication, distribution, etc Universal City, CA :
Name of publisher, distributor, etc Universal,
Date of publication, distribution, etc c2003.
300 ## - PHYSICAL DESCRIPTION
Extent 1 DVD (101 min.) :
Other physical details sd., col. ;
Dimensions 4 3/4 in.
500 ## - GENERAL NOTE
General note Special features: not-to-be missed deleted scenes; outrageous bloopers & blunders; extraordinary audio insights; the process of Jim; outtakes; feature commentary with director Tom Shadyac; DVD-ROM features; cast and filmmakers.
511 ## - PARTICIPANT OR PERFORMER NOTE
Participant or performer note Jim Carrey, Morgan Freeman, Jennifer Aniston, Philip Baker Hall, Catherine Bell, Lisa Ann Walter, Steven Carell, Nora Dunn, Eddie Jemison.
520 ## - SUMMARY, ETC.
Summary, etc Bruce Nolan is a discontented TV reporter who believes the entire universe is stacked against him. After a bad day, Bruce flies into a rage and blames God for making his life so miserable. God responds by endowing Bruce with all of His divine powers and challenges him to take on "The Big Job" to see if he can do it any better.
538 ## - SYSTEM DETAILS NOTE
System details note DVD, Region 1 encoding, stereo., surround, digitally recorded.
650 ## - SUBJECT ADDED ENTRY--TOPICAL TERM
Topical term or geographic name as entry element Television journalists
Geographic subdivision Buffalo
-- New York
650 ## - SUBJECT ADDED ENTRY--TOPICAL TERM
Topical term or geographic name as entry element God
650 ## - SUBJECT ADDED ENTRY--TOPICAL TERM
Topical term or geographic name as entry element Discontent
655 ## - INDEX TERM--GENRE/FORM
Genre/form data or focus term DVD-Video discs
655 ## - INDEX TERM--GENRE/FORM
Genre/form data or focus term Video recordings for the hearing impaired
655 ## - INDEX TERM--GENRE/FORM
Genre/form data or focus term Feature films
655 ## - INDEX TERM--GENRE/FORM
Genre/form data or focus term Comedy films.
700 ## - ADDED ENTRY--PERSONAL NAME
Personal name Shadyac, Tom.
700 ## - ADDED ENTRY--PERSONAL NAME
Personal name Carrey, Jim,
Dates associated with a name 1962-
700 ## - ADDED ENTRY--PERSONAL NAME
Personal name Brubaker, James D.
700 ## - ADDED ENTRY--PERSONAL NAME
Personal name Bostick, Michael.
700 ## - ADDED ENTRY--PERSONAL NAME
Personal name Koren, Steven Wayne.
700 ## - ADDED ENTRY--PERSONAL NAME
Personal name O'Keefe, Mark.
700 ## - ADDED ENTRY--PERSONAL NAME
Personal name Oedekerk, Steve.
700 ## - ADDED ENTRY--PERSONAL NAME
Personal name Freeman, Morgan.
700 ## - ADDED ENTRY--PERSONAL NAME
Personal name Aniston, Jennifer.
700 ## - ADDED ENTRY--PERSONAL NAME
Personal name Hall, Philip Baker,
Dates associated with a name 1931-
700 ## - ADDED ENTRY--PERSONAL NAME
Personal name Bell, Catherine.
700 ## - ADDED ENTRY--PERSONAL NAME
Personal name Walter, Lisa Ann,
Dates associated with a name 1963-
700 ## - ADDED ENTRY--PERSONAL NAME
Personal name Carell, Steven,
Dates associated with a name 1963-
700 ## - ADDED ENTRY--PERSONAL NAME
Personal name Dunn, Nora,
Dates associated with a name 1952-
700 ## - ADDED ENTRY--PERSONAL NAME
Personal name Jemison, Eddie.
700 ## - ADDED ENTRY--PERSONAL NAME
Personal name Semler, Dean,
Dates associated with a name 1943-
700 ## - ADDED ENTRY--PERSONAL NAME
Personal name Hill, Scott.
700 ## - ADDED ENTRY--PERSONAL NAME
Personal name Debney, John.
700 ## - ADDED ENTRY--PERSONAL NAME
Personal name Howell, Judy Ruskin.
700 ## - ADDED ENTRY--PERSONAL NAME
Personal name DeScenna, Linda.
710 ## - ADDED ENTRY--CORPORATE NAME
Corporate name or jurisdiction name as entry element Spyglass Entertainment (Firm)
710 ## - ADDED ENTRY--CORPORATE NAME
Corporate name or jurisdiction name as entry element Shady Acres (Firm)
710 ## - ADDED ENTRY--CORPORATE NAME
Corporate name or jurisdiction name as entry element Pit Bull (Firm)
942 ## - ADDED ENTRY ELEMENTS (KOHA)
Koha item type CD-ROMs, DVDs, VHS
Source of classification or shelving scheme Dewey Decimal Classification
Classification part DVD
Call number suffix BRU
Holdings
Withdrawn status Lost status Source of classification or shelving scheme Damaged status Not for loan Home library Current library Date acquired Cost, normal purchase price Total Checkouts Full call number Barcode Date last seen Date checked out Copy number Cost, replacement price Price effective from Koha item type
    Dewey Decimal Classification     Central Library Central Library 22/08/2008 499.00 12 DVD BRU DVD-000174 06/10/2009 05/10/2009 1 499.00 15/09/2008 CD-ROMs, DVDs, VHS
    Dewey Decimal Classification     Patel Nagar Patel Nagar 22/08/2008 499.00 20 DVD BRU DVD-000176 24/06/2014 06/06/2014 1 499.00 15/09/2008 CD-ROMs, DVDs, VHS
    Dewey Decimal Classification     Sarojini Nagar Sarojini Nagar 22/08/2008 499.00 26 DVD BRU DVD-000175 25/02/2016 12/02/2016 1 499.00 15/09/2008 CD-ROMs, DVDs, VHS

© Delhi Public Library
Hit Counter
free hit counter